Statistics for Is it ?....or....Isn't it ? (Legendary Creatures)

Click here to take the quiz!

General Stats

  • This quiz has been taken 17 times
  • The average score is 9 of 15

Answer Stats

QuestionAnswer% Correct
Loch Ness MonsterI'M SURE IT IS
87%
WetwangOF COURSE IT ISN'T
87%
BansheeI'M SURE IT IS
73%
Dirt DevilOF COURSE IT ISN'T
67%
Big LogOF COURSE IT ISN'T
67%
GashadokuroI'M SURE IT IS
60%
OuzoOF COURSE IT ISN'T
60%
MapinguariI'M SURE IT IS
53%
JiufengI'M SURE IT IS
53%
Sea MonkeyOF COURSE IT ISN'T
53%
KobalosI'M SURE IT IS
47%
SprigganI'M SURE IT IS
47%
TiyanakI'M SURE IT IS
47%
KookaburraOF COURSE IT ISN'T
47%
Pollo MalignoI'M SURE IT IS
33%

Score Distribution

Percentile by Number Answered

Percent of People with Each Score

Your Score History

You have not taken this quiz